| 000 | 00438nam a2200193Ia 4500 | ||
|---|---|---|---|
| 003 | 0100 | ||
| 008 | 130303s9999 xx 000 0 und d | ||
| 020 | _a1893554473 | ||
| 040 | _cARRUPELIB | ||
| 050 | _aHM811.H46 2002 | ||
| 100 | _aHendershott, Anne | ||
| 245 | 4 | _aThe politics of devience | |
| 260 | _aSan Francisco | ||
| 260 | _bEncounter Books | ||
| 260 | _C2002 | ||
| 300 | _a194p. | ||
| 300 | _b 23cm. | ||
| 942 |
_2lcc _01 |
||
| 999 |
_c60712 _d60712 |
||